Facetas de la genética / (Record no. 61689)

MARC details
000 -LEADER
campo de control de longitud fija 01056nam a2200289 i 4500
001 - NÚMERO DE CONTROL
campo de control 61689
003 - IDENTIFICADOR DE NÚMERO DE CONTROL
campo de control ES-MaACL
005 - FECHA Y HORA DE LA ÚLTIMA TRANSACCIÓN
campo de control 20230906164525.0
007 - CAMPO FIJO DE DESCRIPCIÓN FÍSICA--INFORMACIÓN GENERAL
campo de control de longitud fija t|
008 - DATOS DE LONGITUD FIJA--INFORMACIÓN GENERAL
campo de control de longitud fija 031113s1978 sp ||||1| spa d
020 ## - NÚMERO INTERNACIONAL ESTÁNDAR DEL LIBRO
Número Internacional Estándar del Libro 84-7214-127-6
245 00 - MENCIÓN DEL TÍTULO
Título Facetas de la genética /
Mención de responsabilidad, etc. introducciones de Adrian M. Srb, Ray D. Owen, Robert S. Edgar ; con la colaboración para la edición española de Juan Ramón Medina ; [traducción por Juan Manuel Ibeas Delgado].
260 ## - PUBLICACIÓN, DISTRIBUCIÓN, ETC.
Lugar de publicación, distribución, etc. Madrid :
Nombre del editor, distribuidor, etc. H. Blume,
Fecha de publicación, distribución, etc. [1978]
300 ## - DESCRIPCIÓN FÍSICA
Extensión 499 p. :
Otras características físicas il. col. y n. ;
Dimensiones 28 cm.
490 1# - MENCIÓN DE SERIE
Mención de serie Selecciones de Scientific American
504 ## - NOTA DE BIBLIOGRAFÍA, ETC.
Nota de bibliografía, etc. Bibliografía: p. 481-493.
650 00 - PUNTO DE ACCESO ADICIONAL DE MATERIA--TÉRMINO DE MATERIA
Término de materia o nombre geográfico como elemento de entrada Genética.
9 (RLIN) 13057
700 1# - ENTRADA AGREGADA--NOMBRE PERSONAL
Nombre de persona Srb, Adrian M.
9 (RLIN) 107829
700 1# - ENTRADA AGREGADA--NOMBRE PERSONAL
Nombre de persona Owen, Ray David.
9 (RLIN) 88029
700 1# - ENTRADA AGREGADA--NOMBRE PERSONAL
Nombre de persona Edgar, Robert S.
9 (RLIN) 46636
700 1# - ENTRADA AGREGADA--NOMBRE PERSONAL
Nombre de persona Medina Precioso, Juan Ramón.
9 (RLIN) 79752
700 1# - ENTRADA AGREGADA--NOMBRE PERSONAL
Nombre de persona Ibeas Delgado, Juan Manuel.
9 (RLIN) 64987
710 2# - ENTRADA AGREGADA--NOMBRE DE ENTIDAD CORPORATIVA
Nombre de entidad corporativa o nombre de jurisdicción como elemento de entrada Scientific American.
9 (RLIN) 6515
830 1# - PUNTO DE ACCESO ADICIONAL DE SERIE-TÍTULO UNIFORME
Título uniforme Selecciones de Scientific American
9 (RLIN) 181289
852 ## - LOCALIZACIÓN
Ubicación ES-MaACL
Número de control de estantería A-8188
Holdings
Estatus retirado Estado de pérdida Estado de daño No para préstamo Biblioteca de origen Biblioteca actual Ubicación en estantería Fecha de adquisición Fuente de adquisición Total de préstamos Signatura topográfica completa Código de barras Visto por última vez Precio de reemplazo Tipo de ítem Koha
        Biblioteca del Ateneo de Madrid Biblioteca del Ateneo de Madrid Sala Pecera Planta 1 17/01/2008     A-8188 1064684 23/02/2023 23/02/2023 Libro impreso